000 00743nam a2200181 i 4500
001 162657
003 ES-MaACL
005 20230906212556.0
008 931025s1772 sp |||| | spa d
110 2 _aUniversidad de Alcalá de Henares.
_97135
245 1 0 _aReal provision del Consejo que comprehende el plan de estudios que ha de observar la Universidad de Alcalá de Nares [sic].
260 _aEn Madrid :
_ben la Imprenta de Pedro Marin,
_c1772.
300 _a[4], 236, [8] p. ;
_cFol.
597 _aSign.: [ ]2, A-Z2, 2A-2Z2, 3A-3N2, [ ]4.
610 2 4 _aUniversidad de Alcalá de Henares-
_vHistoria.
_9143818
650 0 4 _aUniversidades-
_zEspaña-
_xHistoria.
_917686
852 _aES-MaACL
_jR-2658(2)
_z-- Enc. pasta
_x-- Olim: C-1621
999 _c162657
_d162657